000 00755cam a22002413a 4500
001 5089
003 PGUSA
005 20140828083113.0
008 040201s2004||||xxu|||||s|||||000 | eng d
040 _aPGUSA
_beng
042 _adc
050 4 _aPG
100 1 _aPushkin, Aleksandr Sergeevich,
_d1799-1837
245 1 0 _aBoris Godunov :
_ba drama in verse
_h[electronic resource] /
_cAleksandr Sergeevich Pushkin
260 _bProject Gutenberg,
_c2004
506 _aPublic domain in the USA.
516 _aElectronic text
653 _aGodunov, Boris Fyodorovich, Czar of Russia, 1551 or 2-1605 -- Drama
700 1 _aHayes, Alfred,
_d1857-1936
830 0 _aProject Gutenberg
_v5089
856 4 0 _uhttp://www.gutenberg.org/ebooks/5089
942 _cEB
999 _c234418
_d234418